| 000 | 00425nam a2200181Ia 4500 | ||
|---|---|---|---|
| 003 | OSt | ||
| 005 | 20140405082214.0 | ||
| 008 | 140130s9999 xx 000 0 und d | ||
| 050 |
_aPZ 7 _b.Si6035Co 1997 |
||
| 245 |
_cSimon, Chaman _aCome! Sit! Speak! |
||
| 260 |
_bScholastic, _c1997 |
||
| 300 |
_a32 p. : _bcol. ill. ; _c18 cm. |
||
| 440 | _v1 | ||
| 521 | _aG1 | ||
| 526 | _c220 | ||
| 942 |
_cBK _2lcc |
||
| 999 |
_c39982 _d39982 |
||